000
00329 a2200109 4500
001
ART_41951
005
20260410161814.0
008
260409a
245
1
0
_a
Las revistas jurídicas en el ámbito universitario
100
1
_a
Parise, Agustín
773
0
_t
Academia
_g
- Año 8, Nº 15 (ene./jun. 2010)
_w
REV4314
999
_c
21751
_d
21751